Change in pupils’ academic self-concept in different types of classes in Finland
Koivuhovi, Satu; & Vainikainen, Mari-Pauliina
Elmentve itt :
| Szerzők: | |
|---|---|
| Testületi szerző: | |
| Dokumentumtípus: | Könyv része |
| Megjelent: |
2019
|
| Sorozat: | Pedagógiai Értékelési Konferencia
17 |
| Kulcsszavak: | Tudományos önkép - különleges tematikájú osztályok - longitudinális vizsgálat - előadáskivonat |
| Online Access: | http://acta.bibl.u-szeged.hu/66227 |
| LEADER | 00886naa a2200205 i 4500 | ||
|---|---|---|---|
| 001 | acta66227 | ||
| 005 | 20260224081030.0 | ||
| 008 | 200420s2019 hu o 100 eng d | ||
| 040 | |a SZTE Egyetemi Kiadványok Repozitórium |b hun | ||
| 041 | |a eng | ||
| 100 | 3 | |a Koivuhovi | |
| 245 | 1 | 0 | |a Change in pupils’ academic self-concept in different types of classes in Finland |h [elektronikus dokumentum] / |c Koivuhovi |
| 260 | |c 2019 | ||
| 300 | |a 58 | ||
| 490 | 0 | |a Pedagógiai Értékelési Konferencia |v 17 | |
| 520 | 3 | |a Koivuhovi, Satu; & Vainikainen, Mari-Pauliina | |
| 695 | |a Tudományos önkép - különleges tematikájú osztályok - longitudinális vizsgálat - előadáskivonat | ||
| 700 | 0 | 1 | |a Vainikainen Mari Pauliina |e aut |
| 710 | |a Pedagógiai értékelési konferencia PÉK (17.) (2019) (Szeged) | ||
| 856 | 4 | 0 | |u http://acta.bibl.u-szeged.hu/66227/1/pek_2019_058.pdf |z Dokumentum-elérés |